Jimmy Carter Presidential Cabinet - Statistics

General Stats
  • This quiz has been taken 78 times
  • The average score is 9 of 28
Answer Stats
Cabinet Position Cabinet Member % Correct
Vice President (1977-1981) Walter Mondale
100%
Secretary of State (1977-1980) Cyrus Vance
77%
Secretary of State (1980-1981) Edmund Muskie
73%
Chief of Staff (1979-1980) Hamilton Jordan
57%
Attorney General (1977-1979) Griffin Bell
43%
Secretary of Defense (1977-1981) Harold Brown
43%
Secretary of Treasury (1979-1981) G. William Miller
40%
Secretary of Health, Education, and Welfare (1977-1979) Joseph Califano Jr.
40%
Secretary of Housing and Urban Development (1977-1979), Secretary of Health and Human Services (1979-1981) Patricia Harris
40%
Director of the Office of Management and Budget (1977) Bert Lance
33%
Secretary of Commerce (1977-1979) Juanita Kreps
33%
Secretary of Treasury (1977-1979) W. Michael Blumenthal
33%
Attorney General (1979-1981) Benjamin Civiletti
27%
Secretary of Transportation (1977-1979) Brock Adams
27%
Secretary of Energy (1977-1979) James Schlesinger
27%
Secretary of Housing and Urban Development (1979-1981) Maurice "Moon" Landrieu
27%
Secretary of the Interior (1977-1981) Cecil Andrus
23%
Secretary of Energy (1979-1981) Charles Duncan
23%
Chief of Staff (1980-1981) Jack Watson
23%
Secretary of Transportation (1979-1981) Neil Goldschmidt
23%
Secretary of Agriculture (1977-1981) Robert Bergland
23%
Secretary of Education (1979-1981) Shirley Hufstedler
23%
Director of the Office of Management and Budget (1977-1981) James McIntyre
20%
Secretary of Commerce (1979-1981) Philip Klutznick
17%
Administrator of the Environmental Protection Agency (1977-1981) Douglas Costle
13%
Secretary of Labor (1977-1981) Ray Marshall
13%
United States Trade Representative (1977-1979) Robert Strauss
13%
United States Trade Representative (1979-1981) Reubin Askew
7%
No matching quizzes found
Score Distribution
Percent of People with Each Score
Percentile by Number Answered
Your Score History
You have not taken this quiz